000 01190nam2a2200241 4500
001 rc\2973088
005 20260315061737.0
035 _a(NLR Aleph) 007119030
090 _a13608026
_c13608026
100 _a20110908d1938 u y0rusy50 ca
101 0 _arus
102 _aRU
105 _ay z |||||
200 1 _aО международном положении
_eОктябрь 1938 г.
_fСб. сост. З. Шейнис
210 _aСталинабад
_cГосиздат Таджикистана, отд. поли. лит.
_d1938
215 _a53, [3] с.
461 0 _1001rc\2973082
_12001#$aМатериалы для агитаторов$e№ 1 -$fОтд. парт. пропаганды и агитации ЦК КП(б) Таджикистана$v№ 6
_96843922
_aКП(б) Таджикистана. ЦК
_cСталинабад
_d1938
_fОтд. парт. пропаганды и агитации ЦК КП(б) Таджикистана
_nТаджикпартиздат
_o№ 1 -
_tМатериалы для агитаторов
_v№ 6
702 1 _aШейнис
_bЗ.
_4220
801 0 _aRU
_bNLR
_gpsbo
801 1 _aRU
_bELAR
_2rusmarc
852 _aNLR
_j38-17/115
942 _cUNSPEC
980 _aNB